UM Logo

A generic small-signal stability criterion of DC distribution power system: (Record no. 19336)

MARC details
000 -LEADER
fixed length control field 01037nam a22002417a 4500
003 - CONTROL NUMBER IDENTIFIER
control field OSt
005 - DATE AND TIME OF LATEST TRANSACTION
control field 20250927062522.0
008 - FIXED-LENGTH DATA ELEMENTS--GENERAL INFORMATION
fixed length control field 240223b ||||| |||| 00| 0 eng d
040 ## - CATALOGING SOURCE
Transcribing agency 0
082 ## - DEWEY DECIMAL CLASSIFICATION NUMBER
Classification number DPer 621.317 Ie21 May 2022 v. 37 n. 5
100 ## - MAIN ENTRY--PERSONAL NAME
Personal name He, Bangbang.
Relator term author.
9 (RLIN) 53239
245 ## - TITLE STATEMENT
Title A generic small-signal stability criterion of DC distribution power system:
Remainder of title bus node impedance criterion (BNIC) /
Statement of responsibility, etc. Bangbang He, Wu Chen, Xinbo Ruan, Xin Zhang, Zhixiang Zou, and Wu Cao.
260 ## - PUBLICATION, DISTRIBUTION, ETC. (IMPRINT)
Place of publication, distribution, etc. New York ;
Name of publisher, distributor, etc. The Institute of Electrical and Electronics Engineers, Inc. ,
Date of publication, distribution, etc. May 2022.
300 ## - PHYSICAL DESCRIPTION
Extent Volume 37, pages 6116-6131 :
Other physical details illustration ;
Dimensions 28 cm.
500 ## - GENERAL NOTE
General note IEEE Transactions on Power Electronics, vol. 37, no. 5, pages 6116-6131, May 2022.
700 ## - ADDED ENTRY--PERSONAL NAME
Personal name He, Bangbang.
Relator term author.
9 (RLIN) 53239
700 ## - ADDED ENTRY--PERSONAL NAME
Personal name Chen, Wu.
Relator term author.
9 (RLIN) 53240
700 ## - ADDED ENTRY--PERSONAL NAME
Personal name Ruan, Xinbo.
Relator term author.
9 (RLIN) 53241
700 ## - ADDED ENTRY--PERSONAL NAME
Personal name Zhang, Xin.
Relator term author.
9 (RLIN) 39981
700 ## - ADDED ENTRY--PERSONAL NAME
Personal name Zou, Zhixiang.
Relator term author.
9 (RLIN) 53242
700 ## - ADDED ENTRY--PERSONAL NAME
Personal name Cao, Wu.
Relator term author.
9 (RLIN) 53243
942 ## - ADDED ENTRY ELEMENTS (KOHA)
Source of classification or shelving scheme Dewey Decimal Classification
Koha item type Periodicals
Holdings
Withdrawn status Lost status Source of classification or shelving scheme Damaged status Not for loan Collection code Home library Current library Date acquired Total Checkouts Full call number Date last seen Price effective from Koha item type Public note
    Dewey Decimal Classification     Periodicals UM Digos College - LIC UM Digos College - LIC 02/23/2024   DPer 621.317 Ie21 May 2022 v. 37 n. 5 02/23/2024 02/23/2024 Periodicals Periodical Article